Tree disease concepts (Record no. 36400)

MARC details
000 -LEADER
fixed length control field 00374nam a2200145Ia 4500
082 ## - DEWEY DECIMAL CLASSIFICATION NUMBER
Classification number 581.2:635.054
Item number MAN
100 ## - MAIN ENTRY--AUTHOR NAME
Personal name MANION, Paul D
245 #0 - TITLE STATEMENT
Title Tree disease concepts
260 ## - PUBLICATION, DISTRIBUTION, ETC. (IMPRINT)
Place of publication New Jersey
Name of publisher Prentice Hall
Year of publication 1981
650 ## - SUBJECT ADDED ENTRY--TOPICAL TERM
Topical Term Canker diseases
650 ## - SUBJECT ADDED ENTRY--TOPICAL TERM
Topical Term Foliage diseases
650 ## - SUBJECT ADDED ENTRY--TOPICAL TERM
Topical Term Tree diseases
942 ## - ADDED ENTRY ELEMENTS (KOHA)
Koha item type Books
Holdings
Withdrawn status Lost status Damaged status Not for loan Home library Current library Date acquired Full call number Accession Number Koha item type
        RRII Library RRII Library 16/12/2021 581.2:635.054 MAN 16806 Books